| 000 | 03294cam a2200625 a 4500 | ||
|---|---|---|---|
| 999 |
_c129149 _d129149 |
||
| 001 | 15987165 | ||
| 003 | ARRUPE | ||
| 005 | 20190307101337.0 | ||
| 008 | 091117s2004 dcuac bc 001 0 eng d | ||
| 010 | _a 2009279828 | ||
| 015 |
_aGBA470887 _2bnb |
||
| 016 | 7 |
_a101226945 _2DNLM |
|
| 016 | 7 |
_a013002854 _2Uk |
|
| 020 | _a9780807829165 | ||
| 020 | _a0807829161 | ||
| 035 | _a(OCoLC)ocm55944715 | ||
| 040 |
_aNLM _cNLM _dLHM _dUKM _dC#P _dBAKER _dBTCTA _dYDXCP _dCGC _dTTU _dKZV _dAU@ _dSINLB _dDLC |
||
| 042 |
_anlmcopyc _alccopycat |
||
| 043 | _ae-gx--- | ||
| 050 | 0 | 0 |
_aHQ755.5.G3 _bD43 2004 |
| 060 | 0 | 0 | _a2004 J-752 |
| 060 | 1 | 0 |
_aHQ 755.5.G3 _bD278 2004 |
| 245 | 0 | 0 |
_aDeadly medicine : _bcreating the master race / _c[project director, Susan Bachrach ; editor, Dieter Kuntz]. |
| 260 |
_aWashington, D.C. : _bUnited States Holocaust Memorial Museum ; _aChapel Hill, NC : _bDistributed by the University of North Carolina Press, _cc2004. |
||
| 300 |
_axiii, 226 p. : _bill., ports. ; _c33 cm. |
||
| 504 | _aIncludes bibliographical references (p. 215-217) and index. | ||
| 505 | 0 | _aGerman eugenics, 1890-1933 / by Sheila Faith Weiss -- International eugenics / by Daniel J. Kevles -- Nazi sterilization and reproductive policies / by Gisela Bock -- The "science of race" / by Benoit Massin -- Nazi "euthanasia" programs / by Michael Burleigh -- From "euthanasia" to the "final solution" / by Henry Friedlander -- Reflections of a German scientist / by Benno Müller-Hill -- Chronology. | |
| 650 | 0 |
_aEugenics _zGermany _xHistory _y20th century. _945033 |
|
| 650 | 0 |
_aInvoluntary sterilization _zGermany _xHistory _y20th century. _945034 |
|
| 650 | 0 |
_aEuthanasia _zGermany _xHistory _y20th century. _945035 |
|
| 650 | 0 |
_aNational socialism and science. _945036 |
|
| 650 | 0 |
_aNational socialism and medicine. _945037 |
|
| 650 | 1 | 2 |
_aEugenics _xhistory _zGermany _vCatalogs. _945038 |
| 650 | 1 | 2 |
_aEugenics _xhistory _zGermany _vExhibitions. _945039 |
| 650 | 2 | 2 |
_aContinental Population Groups _xclassification _zGermany _vCatalogs. _945040 |
| 650 | 2 | 2 |
_aContinental Population Groups _xclassification _zGermany _vExhibitions. _945041 |
| 650 | 2 | 2 |
_aEuthanasia _xhistory _zGermany _vCatalogs. _945042 |
| 650 | 2 | 2 |
_aEuthanasia _xhistory _zGermany _vExhibitions. _945043 |
| 650 | 2 | 2 |
_aHistory, 20th Century _zGermany _vCatalogs. _945044 |
| 650 | 2 | 2 |
_aHistory, 20th Century _zGermany _vExhibitions. _945045 |
| 650 | 2 | 2 |
_aNational Socialism _zGermany _vCatalogs. _945046 |
| 650 | 2 | 2 |
_aNational Socialism _zGermany _vExhibitions. _945047 |
| 650 | 2 | 2 |
_aSterilization, Involuntary _xhistory _zGermany _vCatalogs. _945048 |
| 650 | 2 | 2 |
_aSterilization, Involuntary _xhistory _zGermany _vExhibitions. _945049 |
| 650 | 2 | 2 |
_aWar Crimes _xhistory _zGermany _vCatalogs. _945050 |
| 650 | 2 | 2 |
_aWar Crimes _xhistory _zGermany _vExhibitions. _945051 |
| 651 | 0 |
_aGermany _xHistory _y1933-1945. _914974 |
|
| 700 | 1 |
_aBachrach, Susan D., _d1948- _945052 |
|
| 700 | 1 |
_aKuntz, Dieter. _945053 |
|
| 710 | 2 |
_aUnited States Holocaust Memorial Museum. _945054 |
|
| 856 | 4 | 2 |
_3Contributor biographical information _uhttp://www.loc.gov/catdir/enhancements/fy1004/2009279828-b.html |
| 856 | 4 | 2 |
_3Publisher description _uhttp://www.loc.gov/catdir/enhancements/fy1004/2009279828-d.html |
| 856 | 4 | 2 |
_3Book review (H-Net) _uhttp://www.h-net.org/reviews/showrev.php?id=10419 |
| 906 |
_a7 _bcbc _ccopycat _d2 _encip _f20 _gy-gencatlg |
||
| 942 |
_2lcc _cMONOGRAPH |
||